01836nam a22001817a 4500008004100000020001800041050002200059050001400081100003200095245009300127260003300220300004200253500008700295500011400382505108600496650002701582650004501609130620t2011 mx ||||| |||| 00| 0 spa d a9786071708137 4aRA409 bC366 2011 4aRA409 C37 aCastilla Serna, Luiseautor10aManual práctico de estadística para las ciencias de la saludc/ Luis, Castilla Serna aMéxicob: Trillasc, 2011. a167 páginase+ CD-ROOM (4 3/4 plg). aEDUCACIÓN MIXTA LIC. MAX PSICOLOGÍA / ESTADÍSTICA II M03 (L-3) / (04 005317) aIncluye apéndices (p. 149-162) Incluye bibliografía (p. 163164) Incluye índice analítico (p. 165-167)2 aPrincipios de probabilidad y estadística descriptiva - leyes de probabilidad - mediciones, selección, tamaño de muestra y clases de muestreo - estadística descriptiva - criterios para elegir un aprueba estadistica; Pruebas estadísticas no paramétricas de escala nominal - prueba binominal - prueba X2 de pearson - probabilidad exacta de Fischer y Yates - prueba de McNemar - prueba de Q de Cochran - regresión logistica simple. Razón de momios y limites al 95% de confianza - regresión lógistica multiple; Pruebas estadísticas no paramétricas de escala ordinal - prueba de Kolmogorov-Smirnov - prueba de U de Mann-Whitney - prueba de Wilcoxon de rangos señalados - análisis de varianza de una entrada de Kruskal -Wallis - coeficiente de correlación por rangos de Spearman; Pruebas estadísticas paramétricas de escala de intervalo - prueba del valor Z - prueba de t de Student - análisis de varianza de Fisher de una entrada, de doble entrada - coeficiente de relación de Pearson - regresión líneal simple y multiple - prueba X2 de Barlett.1 aESTADÍSTICA MÉDICA1 aSALUD PÚBLICA xMÉTODO ESTADÍSTICO